Student Solutions Manual for use with Basic Econometrics(E BOOK) (Record no. 208712)
[ view plain ]
| 000 -LEADER | |
|---|---|
| fixed length control field | 00321 a2200133 4500 |
| 003 - CONTROL NUMBER IDENTIFIER | |
| control field | Nust |
| 005 - DATE AND TIME OF LATEST TRANSACTION | |
| control field | 20170207164336.0 |
| 040 ## - CATALOGING SOURCE | |
| Transcribing agency | Nust |
| 245 ## - TITLE STATEMENT | |
| Title | Student Solutions Manual for use with Basic Econometrics(E BOOK) |
| Statement of responsibility, etc. | Gujarati,Damodar N |
| 250 ## - EDITION STATEMENT | |
| Edition statement | 4th ed |
| 260 ## - PUBLICATION, DISTRIBUTION, ETC. | |
| Place of publication, distribution, etc. | Bosto |
| Name of publisher, distributor, etc. | McGraw-hill |
| 300 ## - PHYSICAL DESCRIPTION | |
| Extent | 189p |
| 538 ## - SYSTEM DETAILS NOTE | |
| System details note | E Book |
| 942 ## - ADDED ENTRY ELEMENTS (KOHA) | |
| Source of classification or shelving scheme | |
| Koha item type | Book |
| Withdrawn status | Lost status | Source of classification or shelving scheme | Damaged status | Not for loan | Collection code | Permanent Location | Current Location | Date acquired | Total Checkouts | Full call number | Barcode | Date last seen | Price effective from | Koha item type |
|---|---|---|---|---|---|---|---|---|---|---|---|---|---|---|
| Military College of Signals (MCS) | Military College of Signals (MCS) | 12/12/2016 | 330 | MCSEB-1040 | 12/08/2016 | 12/12/2016 | Book |
